000 00745cam a22002653a 4500
001 17647
003 PGUSA
005 20140828083357.0
008 060131s2006||||xxu|||||s|||||000 1 eng d
040 _aPGUSA
_beng
042 _adc
050 4 _aPS
100 1 _aParrish, Randall,
_d1858-1923
245 1 4 _aThe Strange Case of Cavendish
_h[electronic resource] /
_cRandall Parrish
260 _bProject Gutenberg,
_c2006
506 _aPublic domain in the USA.
516 _aElectronic text
653 _aMystery fiction
653 _aWomen journalists -- Fiction
653 _aMurder -- Fiction
653 _aWestern stories
830 0 _aProject Gutenberg
_v17647
856 4 0 _uhttp://www.gutenberg.org/ebooks/17647
942 _cEB
999 _c246902
_d246902